Văn đàn bảo giám /

Bewaard in:
Bibliografische gegevens
Formaat: Sách giấy
Taal:Vietnamese
Gepubliceerd in: H. : Văn học, 1998
Onderwerpen:
Tags: Voeg label toe
Geen labels, Wees de eerste die dit record labelt!
Thư viện lưu trữ: Thư viện Trường Đại học Đà Lạt
LEADER 00697nam a2200289 4500
001 DLU030023839
003 ##DLU
005 ##20021230
008 ##021230t vn z000 vie d
040 # # |a DLU  |b vie 
041 # # |a vie 
044 # # |a vn 
082 # # |a 895.922 1  |b Van 
245 # # |a Văn đàn bảo giám /  |c Trần Trung Viên sưu tập 
260 # # |a H. :  |b Văn học,  |c 1998 
300 # # |a 1035 tr. ;  |c 20 cm 
653 # # |a Sưu tập thơ 
653 # # |a Văn học trung cận đại 
992 # # |a 103000 
994 # # |a DLU 
900 # # |a True 
911 # # |a Phan Ngọc Đông 
925 # # |a G 
926 # # |a A 
927 # # |a SH 
980 # # |a Thư viện Trường Đại học Đà Lạt